01249 2200217 4500001002100000005001500021008004100036020001900077035001900096041000800115082001200123084001800135100002400153245005000177250000600227260004300233300002900276520064400305650003600949650004600985INLIS00000000000191420200508201648200508||||||||| | ||| |||| ||eng|| a983-2631-04-1x 0010-0520001914 aeng0 a343.595 a343.595/SUB/A0 aArjunan Subramaniam00aArjunan On Malaysian Revenue : Case Law 07533 a1 aSengalorbSweet and Maxwell Asiac2005 a1247-2373p.;24 cmc24 cm aThis publication is an invaluable repository of revenue law source materials which will be welcomed by tax practitioners. Covering the entire breadth of Malaysian revenue law, it is a comprehensive source of information needed by tax professionals. The looseleaf format of this publication ensures that it can be regularly updated to bring to readers new information in the dynamic field of revenue law. Arjunan on Malaysian Revenue Laws will be updated twice annually and supplemented with an annual Budget Commentary. This volume 4a, will be contains the landmark case (case law) subjected alpahabetic L until Z in Malaysia revenue laws. 0aInternal Revenue Law - Malaysia 0aTaxation - Law and Legislation - Malaysia